LEADER 01372nam2 2200265 i 450 001 VAN0031076 005 20091014120000.0 010 $a88-14-08812-8 100 $a20041222d2001 |0itac50 ba 101 $aita 102 $aIT 105 $a|||| ||||| 200 1 $aOrdinamento del notariato, diritto tributario, diritto amministrativo, edilizia e urbanistica, codice di procedura civile, attività delegate ai notai ex legge 302/1998, legge fallimentare, rapporti di obbligazione$fGaetano Petrelli 210 $aMilano$cGiuffrè$d2003 215 $aXXXI, 755 p.$d25 cm$e1 CD-ROM. 461 1$1001VAN0029510$12001 $aFormulario notarile commentato$fGaetano Petrelli$1210 $aMilano$cGiuffrè$d2003-$1215 $avolumi$d25 cm.$v1 620 $dMilano$3VANL000284 700 1$aPetrelli$bGaetano$3VANV000669$0235082 712 $aGiuffrè $3VANV109181$4650 801 $aIT$bSOL$c20230616$gRICA 899 $aBIBLIOTECA DEL DIPARTIMENTO DI GIURISPRUDENZA$1IT-CE0105$2VAN00 912 $aVAN0031076 950 $aBIBLIOTECA DEL DIPARTIMENTO DI GIURISPRUDENZA$d00CONS XV.B.24 (1) $e00 798445019 20041222 996 $aOrdinamento del notariato, diritto tributario, diritto amministrativo, edilizia e urbanistica, Codice di procedura civile, attività delegate ai notai ex Legge 302$91074943 997 $aUNICAMPANIA